MARC details
| 000 -LEADER |
| fixed length control field |
00772cab a2200169 4500 |
| 001 - CONTROL NUMBER |
| control field |
L130949 |
| 008 - FIXED-LENGTH DATA ELEMENTS--GENERAL INFORMATION |
| fixed length control field |
050912n2005 000 0 eng u |
| 035 ## - SYSTEM CONTROL NUMBER |
| System control number |
(Sirsi) u130949 |
| 041 0# - LANGUAGE CODE |
| Language code of text/sound track or separate title |
eng |
| 245 00 - TITLE STATEMENT |
| Title |
Databank |
| Remainder of title |
private investor |
| 260 ## - PUBLICATION, DISTRIBUTION, ETC. |
| Date of publication, distribution, etc. |
2005 |
| 490 #0 - SERIES STATEMENT |
| Series statement |
Property Week |
| Volume/sequential designation |
70(36) 9 September 2005, 25(1) |
| 520 ## - SUMMARY, ETC. |
| Summary, etc. |
Examines the office sector from the point of view of the private investor. Looks at the central London office sector over the last ten years. Includes graphs detailing London office availability, office take up, construction of office space for the last year, and London office availability by submarket since 1992. |
| 590 ## - LOCAL NOTE (RLIN) |
| Local note |
IKA270905 |
| 690 ## - LOCAL SUBJECT ADDED ENTRY--TOPICAL TERM (OCLC, RLIN) |
| Topical term or geographic name as entry element |
PROPERTY-COMMERCIAL PROPERTY-COMMERCIAL PROPERTY FINANCE AND INVESTMENT |
| 942 ## - ADDED ENTRY ELEMENTS (KOHA) |
| Suppress in OPAC |
0 |